000 01324nam0a2200301 i 4500
001 RU\NLR\bibl\1926996
005 20260406005349.0
010 _a9785288052705
021 _aRU
_b2012-48840
_93575
035 _a(NLR Aleph) 001916386
090 _a3246052
_c3246052
100 _a20120723d2011 u y0rusy50 ca
101 1 _arus
_cglg
102 _aRU
105 _ay |||||||||
200 1 _aЭдуардо Бланко Амор
_e[перевод]
_fЦентр галисийс. исслед. С.-Петерб. гос. ун-та
_g[сост.: Елена Зернова
_gпредисл.: Мануэль Форкадела]
210 _aСанкт-Петербург
_cИзд-во СПбГУ
_d2011
215 _a181 с.
_d17
225 1 _aАнтология галисийской литературы
_dAntoloxia da literatura galega
_fпод общ. ред. Елены Зерновой
_vт. 16
320 _aБиблиогр. в подстроч. примеч.
327 1 _aСодерж.: Погуляли...: повесть; Стихи
686 _aШ6(4Ис=Г)07-5я44{Лх1580}
700 1 _4070
_7ca
_8rus
_aБланко Амор
_bЭ.
_f1897-1979
_gЭдуардо
_997771
_3RU\NLR\auth\77114846
801 0 _aRU
_bNLR
_c20120723
_gRCR
801 1 _aRU
_bNLR
_c20120723
942 _cBOOK
980 _aNBR